000 00453nam a2200217Ia 4500
001 067842
003 YMCAF
005 20230512160454.0
008 100717s9999 ||||||||||||||||| ||und|d
020 _a-
024 _a67842
035 _a7305
040 _aYMCAF
_beng
_cIN-KoLT
041 _aeng
100 _aTTP, LAHORE
245 0 _aTRADE TRAINING II II TTC PROGRAMME TURNER
250 _a-
653 _a-
653 _a-
942 _2ddc
_cBK
999 _c4751
_d4751